000 00606nam a22002057a 4500
003 OSt
005 20150120151315.0
008 150120b xxu||||| |||| 00| 0 eng d
020 _a0875530346
040 _cDNLM
082 _aWC 100 C764d 2004
245 _aControl of communicable diseases manual /
_cEdited byDavid L. Heymann
250 _a18th ed.
260 _aAmerica :
_bAmerican public health Association;
_c2004.
300 _axxxiv, 700 p :
_bcol.ill;
_c18 cm
504 _aIncludes index.
650 _aCommunicable Diseases
_9825
700 _4Editor
_aHeymann David L.
_92556
942 _2z
_cSLOAN
999 _c949
_d949